| 000 | 00920cam a2200265 a 4500 | ||
|---|---|---|---|
| 999 |
_c7536 _d7536 |
||
| 003 | OSt | ||
| 005 | 20200312093300.0 | ||
| 008 | 101029s2010 gw a bc 000 0 eng | ||
| 020 | _a9783836517881 | ||
| 040 |
_aDLC _cDLC |
||
| 041 | 0 |
_aeng _ager _afre |
|
| 110 | 2 | _aCoop Himmelblau. | |
| 245 | 1 | 0 |
_aCoop Himmelb(l)au : _bcomplete works 1968-2010 / _c[editor, Peter Gössel ; introduction, Michael Mönninger]. |
| 260 |
_aKöln : _bTaschen, _cc2010. |
||
| 300 |
_a495 p. : _bill. (chiefly col.) ; _c40 cm. |
||
| 504 | _aIncludes bibliographical references (p. 494). | ||
| 504 | _aIncludes bibliographical references. | ||
| 546 | _aEnglish, German, and French text. | ||
| 610 | 2 | 0 |
_aCoop Himmelblau _vCatalogs. |
| 650 | 0 |
_aArchitecture, Modern _y20th century _vCatalogs. |
|
| 650 | 0 |
_aArchitecture, Modern _y21st century _vCatalogs. |
|
| 700 | 1 |
_aGössel, Peter, _d1956- |
|
| 700 | 1 | _aMönninger, Michael. | |
| 942 | _2ddc | ||